[Event "2016 Redpath Mining Millionaire Chess Open"]
[Site "Old Ed’s Sports Complex, Houghton, Johannesburg"]
[Date "2016.07.17"]
[Round "2"]
[Board "3"]
[White "Oatlhotse, Providence"]
[Black "De Abreu, Roberto N"]
[Result "0-1"]
[WhiteElo "2250"]
[BlackElo "2057"]
[PlyCount "0"]
[EventDate "2016.07.17"]
[EventRounds "15"]
[EventCountry "RSA"]

1. Nf3 {[%clk 0:15:18]} c5 {[%clk 0:15:16]} 2. c4 {[%clk 0:15:23]} Nc6
{[%clk 0:15:24]} 3. Nc3 {[%clk 0:15:27]} e5 {[%clk 0:15:32]} 4. g3
{[%clk 0:15:32]} g6 {[%clk 0:15:40]} 5. Bg2 {[%clk 0:15:41]} Bg7 {[%clk 0:15:49]}
6. O-O {[%clk 0:15:48]} d6 {[%clk 0:15:57]} 7. Ne1 {[%clk 0:15:52]} Be6
{[%clk 0:16:04]} 8. d3 {[%clk 0:15:58]} Nge7 {[%clk 0:16:13]} 9. Nc2
{[%clk 0:15:45]} d5 {[%clk 0:16:21]} 10. cxd5 {[%clk 0:15:52]} Nxd5
{[%clk 0:16:30]} 11. Ne3 {[%clk 0:15:51]} Nde7 {[%clk 0:16:39]} 12. Ne4
{[%clk 0:15:49]} b6 {[%clk 0:16:31]} 13. Qa4 {[%clk 0:15:27]} Rc8
{[%clk 0:09:45]} 14. Ng5 {[%clk 0:12:28]} Bd7 {[%clk 0:08:45]} 15. Qc4
{[%clk 0:12:05]} O-O {[%clk 0:08:32]} 16. Qh4 {[%clk 0:11:57]} h6
{[%clk 0:08:25]} 17. Ne4 {[%clk 0:11:34]} Nf5 {[%clk 0:07:30]} 18. Qxd8
{[%clk 0:07:27]} Rfxd8 {[%clk 0:07:30]} 19. Bd2 {[%clk 0:06:48]} Ncd4
{[%clk 0:06:58]} 20. Nc3 {[%clk 0:06:35]} Bc6 {[%clk 0:06:37]} 21. Bh3
{[%clk 0:05:56]} Rc7 {[%clk 0:06:05]} 22. Nxf5 {[%clk 0:05:35]} Nxf5
{[%clk 0:06:13]} 23. Bxf5 {[%clk 0:03:35]} gxf5 {[%clk 0:06:22]} 24. Be3
{[%clk 0:03:19]} Rcd7 {[%clk 0:05:47]} 25. f3 {[%clk 0:03:09]} e4
{[%clk 0:05:43]} 26. fxe4 {[%clk 0:02:57]} Bd4 {[%clk 0:04:47]} 27. Bxd4
{[%clk 0:02:00]} cxd4 {[%clk 0:04:56]} 28. Nd5 {[%clk 0:02:02]} Bxd5
{[%clk 0:05:02]} 29. exd5 {[%clk 0:02:11]} Rxd5 {[%clk 0:05:11]} 30. Rac1
{[%clk 0:02:06]} Re8 {[%clk 0:05:13]} 31. Rc2 {[%clk 0:01:59]} Kg7
{[%clk 0:04:13]} 32. Kf2 {[%clk 0:02:00]} Re3 {[%clk 0:03:17]} 33. Rfc1
{[%clk 0:01:51]} Rde5 {[%clk 0:03:22]} 34. Rd2 {[%clk 0:01:56]} f4
{[%clk 0:03:09]} 35. gxf4 {[%clk 0:01:21]} Rh5 {[%clk 0:03:07]} 36. Kg2
{[%clk 0:00:31]} Rh4 {[%clk 0:02:56]} 37. Rf1 {[%clk 0:00:25]} Reh3
{[%clk 0:02:55]} 38. Rh1 {[%clk 0:00:17]} Re3 {[%clk 0:03:05]} 39. Rf1
{[%clk 0:00:20]} Reh3 {[%clk 0:03:13]} 40. Rc2 {[%clk 0:00:13]} a5
{[%clk 0:02:54]} 41. Rf2 {[%clk 0:00:12]} Rxh2+ {[%clk 0:02:59]} 42. Kg3
{[%clk 0:00:20]} R4h3+ {[%clk 0:02:59]} 43. Kg4 {[%clk 0:00:29]} Rh4+
{[%clk 0:03:08]} 44. Kg3 {[%clk 0:00:35]} R4h3+ {[%clk 0:03:16]} 45. Kg4
{[%clk 0:00:42]} Rh4+ {[%clk 0:03:25]} 0-1

[Event "2016 Redpath Mining Millionaire Chess Open"]
[Site "Old Ed’s Sports Complex, Houghton, Johannesburg"]
[Date "2016.07.17"]
[Round "2"]
[Board "4"]
[White "Mwale, Joseph"]
[Black "Van Rensburg, Ryan Pierre"]
[Result "0-1"]
[WhiteElo "2076"]
[BlackElo "2220"]
[PlyCount "0"]
[EventDate "2016.07.17"]
[EventRounds "15"]
[EventCountry "RSA"]

1. Nf3 {[%clk 0:15:19]} Nf6 {[%clk 0:15:19]} 2. g3 g6 3. Bg2 Bg7 4. O-O
{[%clk 0:15:46]} O-O {[%clk 0:15:47]} 5. c4 {[%clk 0:15:55]} c5 {[%clk 0:15:20]}
6. d4 {[%clk 0:16:04]} cxd4 {[%clk 0:15:19]} 7. Nxd4 {[%clk 0:16:12]} Nc6
{[%clk 0:15:29]} 8. Nc3 {[%clk 0:16:20]} Nxd4 {[%clk 0:15:36]} 9. Qxd4
{[%clk 0:16:29]} d6 {[%clk 0:15:46]} 10. Bg5 {[%clk 0:16:37]} Qa5
{[%clk 0:15:26]} 11. Qd2 {[%clk 0:15:00]} Re8 {[%clk 0:15:13]} 12. Rfd1
{[%clk 0:14:25]} Rb8 {[%clk 0:15:13]} 13. Bxf6 {[%clk 0:13:30]} exf6
{[%clk 0:12:51]} 14. Qxd6 {[%clk 0:13:14]} Be6 {[%clk 0:12:40]} 15. b4
{[%clk 0:12:41]} Qa3 {[%clk 0:11:54]} 16. Nb5 {[%clk 0:11:44]} Qb2
{[%clk 0:12:03]} 17. Nc7 {[%clk 0:11:39]} Bf8 {[%clk 0:10:59]} 18. Qd4
{[%clk 0:09:46]} Qxd4 {[%clk 0:09:36]} 19. Rxd4 {[%clk 0:09:55]} Red8
{[%clk 0:09:45]} 20. Nd5 {[%clk 0:08:30]} Bxb4 {[%clk 0:08:35]} 21. Nxf6+
{[%clk 0:06:41]} Kg7 {[%clk 0:08:43]} 22. Rxd8 {[%clk 0:06:48]} Rxd8
{[%clk 0:08:51]} 23. Nd5 {[%clk 0:06:55]} Bxd5 {[%clk 0:06:44]} 24. Bxd5
{[%clk 0:07:04]} b6 {[%clk 0:06:07]} 25. e4 {[%clk 0:07:04]} f6 {[%clk 0:04:33]}
26. f4 {[%clk 0:06:54]} Kf8 {[%clk 0:04:35]} 27. Kf2 {[%clk 0:06:59]} Ke7
{[%clk 0:04:44]} 28. Kf3 {[%clk 0:07:03]} a5 {[%clk 0:04:41]} 29. Rb1
{[%clk 0:06:52]} Bc5 {[%clk 0:04:49]} 30. a4 {[%clk 0:06:57]} Rf8
{[%clk 0:04:53]} 31. Rd1 {[%clk 0:06:59]} Rd8 {[%clk 0:05:02]} 32. g4
{[%clk 0:07:01]} g5 {[%clk 0:05:03]} 33. f5 {[%clk 0:05:52]} h6 {[%clk 0:02:02]}
34. Rh1 {[%clk 0:05:51]} Kd6 {[%clk 0:02:07]} 35. h4 {[%clk 0:05:31]} Bd4
{[%clk 0:02:00]} 36. hxg5 {[%clk 0:05:13]} hxg5 {[%clk 0:02:09]} 37. Ke2
{[%clk 0:05:07]} Kc5 {[%clk 0:02:11]} 38. Kd3 {[%clk 0:05:06]} Be5
{[%clk 0:02:16]} 39. Rb1 {[%clk 0:05:05]} Bc7 {[%clk 0:02:06]} 40. Rb5+
{[%clk 0:04:20]} Kd6 {[%clk 0:02:14]} 41. c5+ {[%clk 0:04:24]} bxc5
{[%clk 0:02:15]} 42. Kc4 {[%clk 0:04:34]} Rb8 {[%clk 0:02:10]} 43. Bb7
{[%clk 0:04:37]} Bd8 {[%clk 0:02:06]} 44. Rb3 {[%clk 0:01:55]} Kc7
{[%clk 0:01:56]} 45. Rh3 {[%clk 0:01:59]} Rxb7 {[%clk 0:01:55]} 46. Kxc5
{[%clk 0:02:07]} Kc8 {[%clk 0:01:33]} 47. Rh8 {[%clk 0:02:04]} Re7
{[%clk 0:01:36]} 48. Kd5 {[%clk 0:02:10]} Re5+ {[%clk 0:01:45]} 49. Kd4
{[%clk 0:02:19]} Kd7 {[%clk 0:01:53]} 50. Kd3 {[%clk 0:02:19]} Be7
{[%clk 0:02:01]} 51. Ra8 {[%clk 0:02:25]} Bd8 {[%clk 0:02:10]} 52. Ra7+
{[%clk 0:02:32]} Ke8 {[%clk 0:02:19]} 53. Ra6 {[%clk 0:02:35]} Kd7
{[%clk 0:02:27]} 54. Ra7+ Ke8 55. Rb7 {[%clk 0:02:50]} Be7 {[%clk 0:02:44]} 56.
Kd4 {[%clk 0:02:52]} Bd8 {[%clk 0:02:52]} 57. Rg7 {[%clk 0:02:54]} Bb6+
{[%clk 0:02:57]} 58. Kd3 Bd8 59. Rg6 {[%clk 0:03:07]} Kd7 {[%clk 0:03:14]} 60.
Rg7+ {[%clk 0:03:12]} Be7 {[%clk 0:03:19]} 61. Kd4 {[%clk 0:03:17]} Kc7
{[%clk 0:03:24]} 62. Rg8 {[%clk 0:02:15]} Kb7 {[%clk 0:03:32]} 63. Rh8
{[%clk 0:02:14]} Bc5+ {[%clk 0:03:39]} 64. Kd3 {[%clk 0:02:23]} Be7
{[%clk 0:03:48]} 65. Rh1 {[%clk 0:02:30]} Kc7 {[%clk 0:03:57]} 66. Rc1+
{[%clk 0:02:38]} Kb7 {[%clk 0:04:06]} 67. Rb1+ {[%clk 0:02:47]} Kc7
{[%clk 0:04:16]} 68. Kd4 {[%clk 0:02:53]} Bc5+ {[%clk 0:04:25]} 69. Kd3
{[%clk 0:03:02]} Be7 {[%clk 0:04:33]} 70. Rb8 {[%clk 0:03:07]} Kc6
{[%clk 0:04:51]} 71. Rc8+ {[%clk 0:03:14]} Kb7 {[%clk 0:04:51]} 72. Rc2
{[%clk 0:03:13]} Kb6 {[%clk 0:05:00]} 73. Rc1 {[%clk 0:03:19]} Kb7
{[%clk 0:05:07]} 74. Kd4 {[%clk 0:03:27]} Kb6 {[%clk 0:05:13]} 75. Rb1+
{[%clk 0:03:30]} Kc6 {[%clk 0:05:22]} 76. Rc1+ {[%clk 0:03:37]} Kb6
{[%clk 0:05:30]} 77. Rc8 {[%clk 0:03:43]} Bc5+ {[%clk 0:05:37]} 78. Kd3
{[%clk 0:03:49]} Be7 {[%clk 0:05:46]} 79. Re8 {[%clk 0:03:51]} Kc6
{[%clk 0:05:42]} 80. Rb8 {[%clk 0:06:01]} Kc7 {[%clk 0:06:06]} 81. Ra8
{[%clk 0:06:08

[Event "2016 Redpath Mining Millionaire Chess Open"]
[Site "Old Ed’s Sports Complex, Houghton, Johannesburg"]
[Date "2016.07.17"]
[Round "3"]
[Board "1"]
[White "Simutowe, Musatwe"]
[Black "Jere, Daniel"]
[Result "0-1"]
[WhiteElo "2163"]
[BlackElo "2368"]
[PlyCount "0"]
[EventDate "2016.07.17"]
[EventRounds "15"]
[EventCountry "RSA"]

1. e4 {[%clk 0:03:02]} e5 {[%clk 0:02:58]} 2. Nf3 {[%clk 0:03:03]} Nc6
{[%clk 0:03:00]} 3. Bb5 {[%clk 0:03:04]} a6 {[%clk 0:03:01]} 4. Ba4
{[%clk 0:03:06]} Nf6 {[%clk 0:03:02]} 5. O-O {[%clk 0:03:07]} Be7
{[%clk 0:03:03]} 6. Re1 {[%clk 0:03:08]} b5 {[%clk 0:03:03]} 7. Bb3
{[%clk 0:03:10]} d6 8. c3 O-O {[%clk 0:03:03]} 9. h3 {[%clk 0:03:13]} Nb8
{[%clk 0:03:04]} 10. d4 Nbd7 {[%clk 0:03:05]} 11. Nbd2 {[%clk 0:03:15]} Bb7
{[%clk 0:03:06]} 12. Bc2 {[%clk 0:03:16]} Re8 {[%clk 0:03:07]} 13. Nf1
{[%clk 0:03:17]} Bf8 {[%clk 0:03:08]} 14. Ng3 {[%clk 0:03:19]} g6
{[%clk 0:03:08]} 15. Bg5 {[%clk 0:03:09]} h6 {[%clk 0:03:08]} 16. Bd2 Bg7
{[%clk 0:02:49]} 17. a4 {[%clk 0:03:08]} exd4 {[%clk 0:02:28]} 18. cxd4
{[%clk 0:03:08]} c5 {[%clk 0:02:30]} 19. d5 {[%clk 0:02:34]} c4 {[%clk 0:02:25]}
20. Qc1 {[%clk 0:02:30]} Kh7 {[%clk 0:02:24]} 21. Bc3 {[%clk 0:02:24]} Nc5
{[%clk 0:02:09]} 22. axb5 {[%clk 0:02:25]} axb5 {[%clk 0:02:10]} 23. Rxa8
{[%clk 0:02:26]} Qxa8 {[%clk 0:02:08]} 24. Qf4 {[%clk 0:02:26]} Qd8
{[%clk 0:02:06]} 25. Nd4 {[%clk 0:02:02]} b4 {[%clk 0:00:24]} 26. Bxb4
{[%clk 0:02:03]} Bxd5 {[%clk 0:00:20]} 27. exd5 {[%clk 0:01:56]} Nxd5
{[%clk 0:00:19]} 28. Qd2 {[%clk 0:01:53]} Nxb4 {[%clk 0:00:18]} 29. Qxb4
{[%clk 0:01:23]} Rxe1+ {[%clk 0:00:16]} 30. Qxe1 {[%clk 0:01:23]} Bxd4
{[%clk 0:00:17]} 31. Qb4 {[%clk 0:01:07]} d5 {[%clk 0:00:14]} 32. Bd1
{[%clk 0:01:03]} Qf6 {[%clk 0:00:14]} 33. Bf3 {[%clk 0:01:04]} Nd3
{[%clk 0:00:14]} 34. Qb7 {[%clk 0:01:01]} Bxf2+ {[%clk 0:00:15]} 35. Kh2
{[%clk 0:01:00]} Qf4 {[%clk 0:00:16]} 36. Qxd5 {[%clk 0:00:58]} Bxg3+
{[%clk 0:00:16]} 37. Kg1 {[%clk 0:00:57]} Qc1+ {[%clk 0:00:17]} 0-1

[Event "2016 Redpath Mining Millionaire Chess Open"]
[Site "Old Ed’s Sports Complex, Houghton, Johannesburg"]
[Date "2016.07.17"]
[Round "4"]
[Board "1"]
[White "Jere, Daniel"]
[Black "Simutowe, Musatwe"]
[Result "0-1"]
[WhiteElo "2368"]
[BlackElo "2163"]
[PlyCount "0"]
[EventDate "2016.07.17"]
[EventRounds "15"]
[EventCountry "RSA"]

1. c4 {[%clk 0:02:59]} Nf6 {[%clk 0:03:04]} 2. g3 e6 3. Bg2 d5 4. Nf3 Be7 5. O-O
{[%clk 0:03:00]} O-O 6. b3 c6 {[%clk 0:03:10]} 7. d4 Nbd7 8. Nbd2
{[%clk 0:02:47]} b6 {[%clk 0:03:12]} 9. Qc2 Bb7 {[%clk 0:03:13]} 10. e4
{[%clk 0:02:48]} Rc8 11. e5 {[%clk 0:02:39]} Ne8 {[%clk 0:03:14]} 12. Bb2 Nc7 13.
Rac1 {[%clk 0:02:17]} c5 {[%clk 0:03:16]} 14. Qb1 {[%clk 0:02:15]} h6
{[%clk 0:03:08]} 15. Rfd1 {[%clk 0:02:14]} Qe8 {[%clk 0:03:01]} 16. cxd5
{[%clk 0:02:12]} Bxd5 {[%clk 0:02:48]} 17. Nc4 {[%clk 0:02:05]} Nb5
{[%clk 0:02:44]} 18. dxc5 {[%clk 0:02:01]} Nxc5 {[%clk 0:02:36]} 19. Nd4
{[%clk 0:01:33]} Bxg2 {[%clk 0:02:37]} 20. Kxg2 {[%clk 0:01:31]} Nxd4
{[%clk 0:02:38]} 21. Rxd4 {[%clk 0:01:28]} Qc6+ {[%clk 0:02:38]} 22. Kg1
{[%clk 0:01:29]} Rfd8 {[%clk 0:02:37]} 23. Rcd1 {[%clk 0:01:26]} Nb7
{[%clk 0:02:29]} 24. Rxd8+ {[%clk 0:01:18]} Rxd8 {[%clk 0:02:28]} 25. Rxd8+ Bxd8
26. Qd3 Be7 27. Bd4 {[%clk 0:01:08]} Qd5 {[%clk 0:02:30]} 28. Ne3
{[%clk 0:01:05]} Qc6 {[%clk 0:02:30]} 29. Qc4 {[%clk 0:01:06]} Qd7
{[%clk 0:02:32]} 30. Kg2 {[%clk 0:01:04]} Na5 {[%clk 0:02:33]} 31. Qa4
{[%clk 0:00:46]} Qxa4 {[%clk 0:02:14]} 32. bxa4 Nc6 33. Bc3 Bc5 34. Nc4
{[%clk 0:00:40]} Kf8 {[%clk 0:02:18]} 35. f4 {[%clk 0:00:41]} Ke7
{[%clk 0:02:18]} 36. Kf3 {[%clk 0:00:41]} h5 {[%clk 0:02:16]} 37. h3 g6 38. g4
{[%clk 0:00:42]} hxg4+ 39. hxg4 Kd7 {[%clk 0:02:18]} 40. Ke4 {[%clk 0:00:44]} Ne7
{[%clk 0:02:19]} 41. Bd2 {[%clk 0:00:32]} Kc6 {[%clk 0:02:21]} 42. Nb2 Nd5
{[%clk 0:02:17]} 43. Nd3 {[%clk 0:00:25]} Be7 {[%clk 0:02:15]} 44. f5
{[%clk 0:00:25]} gxf5+ {[%clk 0:02:17]} 45. gxf5 {[%clk 0:00:26]} a6
{[%clk 0:02:11]} 46. fxe6 {[%clk 0:00:24]} fxe6 {[%clk 0:02:13]} 47. Nf4
{[%clk 0:00:24]} Nxf4 {[%clk 0:02:09]} 48. Bxf4 {[%clk 0:00:24]} Kc5
{[%clk 0:01:35]} 49. Be3+ {[%clk 0:00:25]} Kb4 {[%clk 0:01:21]} 50. Bxb6
{[%clk 0:00:26]} Kxa4 {[%clk 0:01:23]} 51. Bc7 {[%clk 0:00:27]} Kb5
{[%clk 0:01:16]} 52. Bd6 Bd8 {[%clk 0:01:11]} 53. Kd4 {[%clk 0:00:12]} Bb6+
{[%clk 0:01:12]} 54. Ke4 {[%clk 0:00:12]} Kc4 {[%clk 0:01:13]} 55. a3
{[%clk 0:00:12]} a5 {[%clk 0:01:09]} 56. Be7 {[%clk 0:00:10]} a4 57. Bd6 Bc5
{[%clk 0:01:07]} 58. Kf4 {[%clk 0:00:08]} Kd5 {[%clk 0:01:08]} 59. Bxc5
{[%clk 0:00:09]} Kxc5 {[%clk 0:01:09]} 60. Ke4 {[%clk 0:00:07]} Kc4
{[%clk 0:01:10]} 61. Ke3 {[%clk 0:00:08]} Kd5 {[%clk 0:01:07]} 62. Kf4
{[%clk 0:00:06]} Kd4 {[%clk 0:01:09]} 63. Kf3 Kxe5 64. Ke3 Kd5 65. Kd3 e5 66. Ke3
{[%clk 0:00:12]} e4 {[%clk 0:01:14]} 67. Ke2 Kd4 68. Kd2 {[%clk 0:00:15]} Kc4
{[%clk 0:01:12]} 69. Ke3 {[%clk 0:00:16]} Kb3 {[%clk 0:01:12]} 70. Kxe4
{[%clk 0:00:17]} Kxa3 {[%clk 0:01:14]} 71. Kd3 {[%clk 0:00:19]} Kb2
{[%clk 0:01:15]} 0-1

[Event "2016 Redpath Mining Millionaire Chess Open"]
[Site "Old Ed’s Sports Complex, Houghton, Johannesburg"]
[Date "2016.07.17"]
[Round "5"]
[Board "1"]
[White "Simutowe, Musatwe"]
[Black "Jere, Daniel"]
[Result "0-1"]
[WhiteElo "2163"]
[BlackElo "2368"]
[PlyCount "0"]
[EventDate "2016.07.17"]
[EventRounds "15"]
[EventCountry "RSA"]

1. e4 {[%clk 0:04:59]} e5 {[%clk 0:03:29]} 2. Nf3 {[%clk 0:04:58]} Nc6 3. Bb5 a6
{[%clk 0:03:28]} 4. Ba4 {[%clk 0:04:57]} Nf6 {[%clk 0:03:27]} 5. O-O
{[%clk 0:04:57]} Be7 6. Re1 b5 7. Bb3 d6 {[%clk 0:03:25]} 8. c3 {[%clk 0:04:55]}
O-O {[%clk 0:03:24]} 9. h3 {[%clk 0:04:55]} Nb8 {[%clk 0:03:23]} 10. d4
{[%clk 0:04:55]} Nbd7 11. Nbd2 Bb7 12. Bc2 Re8 {[%clk 0:03:20]} 13. Nf1
{[%clk 0:04:53]} Bf8 {[%clk 0:03:20]} 14. Ng3 {[%clk 0:04:53]} g6
{[%clk 0:03:19]} 15. Bg5 {[%clk 0:04:53]} h6 {[%clk 0:03:18]} 16. Bd2 c5
{[%clk 0:03:14]} 17. d5 {[%clk 0:04:50]} c4 {[%clk 0:03:13]} 18. a4
{[%clk 0:04:48]} Nc5 {[%clk 0:03:12]} 19. axb5 {[%clk 0:04:45]} axb5
{[%clk 0:03:11]} 20. Rb1 {[%clk 0:04:28]} Bc8 {[%clk 0:03:04]} 21. Be3 Qb6
{[%clk 0:02:58]} 22. Qd2 {[%clk 0:04:24]} Kh7 {[%clk 0:02:55]} 23. Nh2
{[%clk 0:04:20]} Bd7 {[%clk 0:02:47]} 24. Qe2 {[%clk 0:04:19]} Ra2
{[%clk 0:02:41]} 25. Qf3 {[%clk 0:04:17]} Qd8 {[%clk 0:02:40]} 26. Qd1
{[%clk 0:03:57]} Bg7 {[%clk 0:02:34]} 27. Nf3 {[%clk 0:03:54]} Qb8
{[%clk 0:02:32]} 28. Qd2 {[%clk 0:03:48]} Qc7 {[%clk 0:02:29]} 29. Nh2
{[%clk 0:03:45]} Rea8 {[%clk 0:02:28]} 30. f4 {[%clk 0:03:39]} exf4
{[%clk 0:02:24]} 31. Bxf4 {[%clk 0:03:39]} Be8 {[%clk 0:02:22]} 32. Nf3 Nfd7 33.
h4 {[%clk 0:03:28]} Ne5 {[%clk 0:02:14]} 34. Nxe5 {[%clk 0:03:21]} dxe5
{[%clk 0:02:13]} 35. Be3 {[%clk 0:03:18]} Nb7 {[%clk 0:02:12]} 36. h5
{[%clk 0:03:16]} Nd6 {[%clk 0:02:12]} 37. hxg6+ {[%clk 0:03:14]} fxg6
{[%clk 0:02:11]} 38. Rf1 {[%clk 0:03:13]} Bd7 {[%clk 0:02:07]} 39. Rf2
{[%clk 0:03:08]} Ra1 {[%clk 0:02:06]} 40. Rff1 {[%clk 0:03:04]} Rxb1
{[%clk 0:02:04]} 41. Bxb1 {[%clk 0:03:03]} Qd8 {[%clk 0:02:01]} 42. Qf2
{[%clk 0:02:55]} Qh4 {[%clk 0:01:58]} 43. Bc5 {[%clk 0:02:54]} Rf8
{[%clk 0:01:56]} 44. Qe3 {[%clk 0:02:45]} Rxf1+ {[%clk 0:01:54]} 45. Nxf1
{[%clk 0:02:44]} Nf7 {[%clk 0:01:49]} 46. Bc2 {[%clk 0:02:40]} Ng5
{[%clk 0:01:47]} 47. Be7 {[%clk 0:02:36]} Nh3+ {[%clk 0:01:41]} 48. gxh3
{[%clk 0:02:31]} Qxe7 {[%clk 0:01:40]} 49. Bd1 {[%clk 0:02:23]} h5
{[%clk 0:01:39]} 50. Bf3 {[%clk 0:02:21]} Bxh3 {[%clk 0:01:36]} 51. Ng3
{[%clk 0:02:11]} Bh6 {[%clk 0:01:34]} 52. Qb6 {[%clk 0:02:06]} Bf4
{[%clk 0:01:33]} 53. Ne2 {[%clk 0:02:01]} Qg5+ {[%clk 0:01:31]} 54. Kf2
{[%clk 0:02:01]} Qg1+ {[%clk 0:01:27]} 55. Kxg1 {[%clk 0:01:59]} 0-1

[Event "2016 Redpath Mining Millionaire Chess Open"]
[Site "Old Ed’s Sports Complex, Houghton, Johannesburg"]
[Date "2016.07.17"]
[Round "6"]
[Board "1"]
[White "Jere, Daniel"]
[Black "Makoto, Rodwell"]
[Result "1-0"]
[WhiteElo "2368"]
[BlackElo "2406"]
[PlyCount "0"]
[EventDate "2016.07.17"]
[EventRounds "15"]
[EventCountry "RSA"]

1. c4 {[%clk 0:15:18]} Nf6 {[%clk 0:15:18]} 2. g3 {[%clk 0:15:25]} c6
{[%clk 0:15:27]} 3. Bg2 {[%clk 0:15:33]} d5 {[%clk 0:15:37]} 4. Nf3
{[%clk 0:15:42]} dxc4 {[%clk 0:15:46]} 5. O-O {[%clk 0:15:49]} g6
{[%clk 0:15:51]} 6. Na3 {[%clk 0:15:52]} Bg7 {[%clk 0:14:47]} 7. Nxc4
{[%clk 0:15:59]} O-O {[%clk 0:14:56]} 8. Qc2 {[%clk 0:15:47]} Nbd7
{[%clk 0:15:05]} 9. b3 {[%clk 0:15:53]} a5 {[%clk 0:14:53]} 10. Bb2
{[%clk 0:15:57]} Nb6 {[%clk 0:14:41]} 11. d3 {[%clk 0:15:50]} a4 {[%clk 0:14:33]}
12. Bd4 {[%clk 0:15:48]} Nfd5 {[%clk 0:12:45]} 13. Bxg7 {[%clk 0:15:43]} Kxg7
{[%clk 0:12:55]} 14. b4 {[%clk 0:15:49]} Kg8 {[%clk 0:12:40]} 15. Rab1
{[%clk 0:15:56]} Nf6 {[%clk 0:12:24]} 16. Nfe5 {[%clk 0:15:41]} Nxc4
{[%clk 0:12:03]} 17. Nxc4 {[%clk 0:15:45]} Be6 {[%clk 0:12:10]} 18. b5
{[%clk 0:15:51]} Bd5 {[%clk 0:11:22]} 19. bxc6 {[%clk 0:15:50]} bxc6
{[%clk 0:10:39]} 20. Nb6 {[%clk 0:15:13]} Ra6 {[%clk 0:10:13]} 21. Nxa4
{[%clk 0:14:19]} Bxg2 {[%clk 0:09:39]} 22. Kxg2 {[%clk 0:14:27]} Qd5+
{[%clk 0:09:48]} 23. e4 {[%clk 0:14:18]} Qh5 {[%clk 0:09:44]} 24. Nc5
{[%clk 0:14:17]} Ra5 {[%clk 0:09:07]} 25. d4 {[%clk 0:14:10]} e5 {[%clk 0:07:54]}
26. dxe5 {[%clk 0:12:52]} Ng4 {[%clk 0:07:24]} 27. h3 {[%clk 0:12:05]} Nxe5
{[%clk 0:07:33]} 28. Rb3 Rfa8 {[%clk 0:06:47]} 29. a4 {[%clk 0:11:42]} g5
{[%clk 0:05:57]} 30. g4 {[%clk 0:11:37]} Qh6 {[%clk 0:06:03]} 31. Rd1
{[%clk 0:11:20]} Ng6 {[%clk 0:06:03]} 32. Rd7 {[%clk 0:10:03]} Nf4+
{[%clk 0:05:54]} 33. Kh2 {[%clk 0:10:12]} Qf6 {[%clk 0:05:12]} 34. Qc3
{[%clk 0:10:17]} Qh6 {[%clk 0:04:01]} 35. Qe5 {[%clk 0:08:42]} Rf8
{[%clk 0:03:02]} 36. Qe7 {[%clk 0:06:16]} Qh4 {[%clk 0:02:46]} 37. Rd2
{[%clk 0:05:44]} Qh6 {[%clk 0:02:52]} 38. Nd7 {[%clk 0:05:40]} Ng6
{[%clk 0:01:48]} 39. Qd6 {[%clk 0:05:25]} Rc8 {[%clk 0:01:38]} 40. Rb8
{[%clk 0:05:17]} Rxb8 {[%clk 0:00:52]} 41. Qxb8+ Kg7 42. Qb2+ {[%clk 0:05:30]}
Kg8 {[%clk 0:01:07]} 43. Nf6+ {[%clk 0:05:37]} Kf8 {[%clk 0:01:09]} 44. Rd8+
{[%clk 0:05:40]} Ke7 {[%clk 0:01:15]} 45. Ng8+ {[%clk 0:05:46]} 1-0

[Event "2016 Redpath Mining Millionaire Chess Open"]
[Site "Old Ed’s Sports Complex, Houghton, Johannesburg"]
[Date "2016.07.17"]
[Round "6"]
[Board "2"]
[White "De Abreu, Roberto N"]
[Black "Van Rensburg, Ryan Pierre"]
[Result "0-1"]
[WhiteElo "2057"]
[BlackElo "2220"]
[PlyCount "0"]
[EventDate "2016.07.17"]
[EventRounds "15"]
[EventCountry "RSA"]

1. d4 {[%clk 0:15:13]} b5 {[%clk 0:15:20]} 2. e4 {[%clk 0:15:21]} Bb7
{[%clk 0:15:29]} 3. Nd2 {[%clk 0:14:46]} a6 {[%clk 0:15:31]} 4. Bd3
{[%clk 0:14:48]} e6 {[%clk 0:15:40]} 5. Ngf3 {[%clk 0:14:51]} c5 {[%clk 0:15:48]}
6. c3 {[%clk 0:14:51]} Nf6 {[%clk 0:15:53]} 7. Qe2 {[%clk 0:14:28]} Be7
{[%clk 0:15:49]} 8. Nf1 {[%clk 0:13:42]} d5 {[%clk 0:15:04]} 9. e5
{[%clk 0:12:24]} Ne4 {[%clk 0:15:10]} 10. Ng3 {[%clk 0:11:38]} cxd4
{[%clk 0:14:57]} 11. cxd4 {[%clk 0:10:05]} Bb4+ {[%clk 0:14:20]} 12. Kf1
{[%clk 0:10:05]} Nxg3+ {[%clk 0:11:14]} 13. hxg3 {[%clk 0:10:13]} h6
{[%clk 0:11:23]} 14. Bxb5+ {[%clk 0:09:52]} Bc6 {[%clk 0:09:19]} 15. Bd3
{[%clk 0:09:47]} Qb6 {[%clk 0:09:28]} 16. Bd2 {[%clk 0:07:41]} a5
{[%clk 0:09:08]} 17. Kg1 {[%clk 0:06:49]} Nd7 {[%clk 0:08:47]} 18. Kh2
{[%clk 0:06:49]} Rb8 {[%clk 0:08:38]} 19. Rab1 {[%clk 0:06:35]} Ke7
{[%clk 0:07:49]} 20. Rhc1 {[%clk 0:06:29]} Rhc8 {[%clk 0:07:37]} 21. Be3
{[%clk 0:05:58]} Ke8 {[%clk 0:07:41]} 22. Nh4 {[%clk 0:05:26]} Bf8
{[%clk 0:07:38]} 23. f4 {[%clk 0:05:13]} Ba4 {[%clk 0:06:24]} 24. Rxc8+
{[%clk 0:04:56]} Rxc8 {[%clk 0:06:33]} 25. f5 {[%clk 0:04:44]} exf5
{[%clk 0:06:16]} 26. Bxf5 {[%clk 0:03:53]} g6 {[%clk 0:06:26]} 27. Bd3
{[%clk 0:03:26]} Qe6 {[%clk 0:06:18]} 28. Qd2 {[%clk 0:03:20]} Qb6
{[%clk 0:06:09]} 29. Rf1 {[%clk 0:02:51]} Bb5 {[%clk 0:05:48]} 30. Bxb5
{[%clk 0:02:48]} Qxb5 {[%clk 0:05:55]} 31. Qf2 {[%clk 0:02:56]} Kd8
{[%clk 0:05:39]} 32. Qxf7 {[%clk 0:02:54]} Rc6 {[%clk 0:05:19]} 33. Nxg6
{[%clk 0:02:11]} Rxg6 {[%clk 0:05:25]} 34. Rf2 {[%clk 0:01:36]} Qc6
{[%clk 0:05:17]} 35. Rf1 {[%clk 0:01:30]} Be7 {[%clk 0:04:52]} 36. Rc1
{[%clk 0:01:08]} Qe6 {[%clk 0:05:00]} 37. Qf1 {[%clk 0:01:07]} Bg5
{[%clk 0:04:43]} 38. Bxg5+ {[%clk 0:01:15]} Rxg5 {[%clk 0:04:50]} 39. Qb5
{[%clk 0:01:16]} Qg4 {[%clk 0:03:59]} 40. Qxa5+ {[%clk 0:00:54]} Ke7
{[%clk 0:04:09]} 41. Qb4+ {[%clk 0:01:03]} Kd8 {[%clk 0:04:18]} 42. Qa5+
{[%clk 0:01:05]} Ke7 {[%clk 0:04:26]} 43. Qa3+ {[%clk 0:00:57]} Kd8
{[%clk 0:04:32]} 44. Qe3 {[%clk 0:00:57]} Rg6 {[%clk 0:04:28]} 45. Re1
{[%clk 0:00:59]} Nf8 {[%clk 0:04:17]} 46. Qa3 {[%clk 0:00:48]} Ne6
{[%clk 0:04:26]} 47. Rc1 {[%clk 0:00:32]} Nc7 {[%clk 0:03:01]} 48. Qf8+
{[%clk 0:00:32]} Ne8 {[%clk 0:03:10]} 49. Qf2 {[%clk 0:00:24]} Rg5
{[%clk 0:02:49]} 50. a4 {[%clk 0:00:16]} Qe4 {[%clk 0:01:43]} 51. a5
{[%clk 0:00:18]} Qd3 {[%clk 0:01:52]} 52. Ra1 {[%clk 0:00:14]} Rf5
{[%clk 0:01:51]} 53. Qe1 {[%clk 0:00:18]} Rh5+ {[%clk 0:01:58]} 54. Kg1
{[%clk 0:00:27]} Qxd4+ {[%clk 0:02:06]} 55. Qf2 {[%clk 0:00:32]} Rh1+
{[%clk 0:02:14]} 56. Kxh1 {[%clk 0:00:38]} Qxf2 {[%clk 0:02:23]} 57. a6
{[%clk 0:00:47]} Qa7 {[%clk 0:02:30]} 58. b4 {[%clk 0:00:51]} Nc7 0-1